Raíz y decoro de España / (Record no. 97275)

MARC details
000 -LEADER
campo de control de longitud fija 00890nam a2200217 i 4500
001 - NÚMERO DE CONTROL
campo de control 97275
003 - IDENTIFICADOR DE NÚMERO DE CONTROL
campo de control ES-MaACL
005 - FECHA Y HORA DE LA ÚLTIMA TRANSACCIÓN
campo de control 20231228062654.0
007 - CAMPO FIJO DE DESCRIPCIÓN FÍSICA--INFORMACIÓN GENERAL
campo de control de longitud fija t|
008 - DATOS DE LONGITUD FIJA--INFORMACIÓN GENERAL
campo de control de longitud fija 050708s1941 sp ||||1| spa d
080 ## - NÚMERO DE LA CLASIFICACIÓN DECIMAL UNIVERSAL
Número de la Clasificación Decimal Universal 821.134.2-4"19"
100 1# - ENTRADA PRINCIPAL--NOMBRE DE PERSONA
Nombre de persona Marañón, Gregorio,
Fechas asociadas al nombre 1887-1960
9 (RLIN) 76311
245 10 - MENCIÓN DEL TÍTULO
Título Raíz y decoro de España /
Mención de responsabilidad, etc. Gregorio Marañón y Posadillo.
250 ## - MENCION DE EDICION
Mención de edición 2ª ed.
260 ## - PUBLICACIÓN, DISTRIBUCIÓN, ETC.
Lugar de publicación, distribución, etc. Madrid :
Nombre del editor, distribuidor, etc. Espasa-Calpe,
Fecha de publicación, distribución, etc. 1941.
300 ## - DESCRIPCIÓN FÍSICA
Extensión 254 p. ;
Dimensiones 20 cm.
505 8# - NOTA DE CONTENIDO CON FORMATO
Nota de contenido con formato Contiene: Los deberes olvidados ; Eugenesia y moral ; Intelectuales y políticos ; El porvenir de la cultura ; La lección de los malogrados ; El príncipe explorador ; Libros a la hoguera ; Un profeta en España ; Un amigo de España ; Psiquiatras de España ; Elogio de la sabiduría
852 4# - LOCALIZACIÓN
Ubicación ES-MaACL
Número de control de estantería AND-666
Nota libre - Biblioteca Juan Andrade
852 4# - LOCALIZACIÓN
Ubicación ES-MaACL
Número de control de estantería F-15727
Holdings
Estatus retirado Estado de pérdida Estado de daño No para préstamo Biblioteca de origen Biblioteca actual Ubicación en estantería Fecha de adquisición Fuente de adquisición Total de préstamos Signatura topográfica completa Código de barras Visto por última vez Precio de reemplazo Tipo de ítem Koha
        Biblioteca del Ateneo de Madrid Biblioteca del Ateneo de Madrid Depósito 2 17/01/2008     AND-666 1101552 23/02/2023 23/02/2023 Libro impreso
        Biblioteca del Ateneo de Madrid Biblioteca del Ateneo de Madrid Sala Pecera Planta 2 17/01/2008     F-15727 1101551 23/02/2023 23/02/2023 Libro impreso